00535 2200181 4500001002100000005001500021035002000036245007600056100002400132250002000156300005000176700002800226260003600254082000800290084001400298020002200312600001900334INLIS00000000114818120260402115920 a0010-04260000261 aEdu Book Aku pandai Mengenal Angka :bUntuk Paud /cAgustina Dwi Rahayu0 aAgustina Dwi Rahayu acetakan pertama a56 halaman :bilustrasi ;c20 x 30 cmeKertas0 aPenyunting; Kirana Tyas aYogyakarta :bPlayground,c2019 a397 a397 AGU e a978-623-7324-49-2 4amengenal Angka